LEADER 01196oam 2200385zu 450 001 996215451503316 005 20210807002839.0 010 $a1-5090-8529-7 035 $a(CKB)1000000000525455 035 $a(SSID)ssj0001107093 035 $a(PQKBManifestationID)12472570 035 $a(PQKBTitleCode)TC0001107093 035 $a(PQKBWorkID)11075223 035 $a(PQKB)11682308 035 $a(NjHacI)991000000000525455 035 $a(EXLCZ)991000000000525455 100 $a20160829d2006 uy 101 0 $aeng 135 $aur||||||||||| 181 $ctxt 182 $cc 183 $acr 200 00$a2007 International Symposium on VLSI Technology 210 31$a[Place of publication not identified]$cIEEE$d2006 215 $a1 online resource 300 $aBibliographic Level Mode of Issuance: Monograph 311 $a1-4244-0584-X 606 $aIntegrated circuits$xVery large scale integration$vCongresses 615 0$aIntegrated circuits$xVery large scale integration 676 $a621.38195835 801 0$bPQKB 906 $aPROCEEDING 912 $a996215451503316 996 $a2007 International Symposium on VLSI Technology$92506415 997 $aUNISA LEADER 03216nam 22006375 450 001 9910483656303321 005 20251230064354.0 010 $a981-13-9443-1 024 7 $a10.1007/978-981-13-9443-0 035 $a(CKB)4100000009451847 035 $a(DE-He213)978-981-13-9443-0 035 $a(MiAaPQ)EBC5905212 035 $a(iGPub)SPNA0064415 035 $a(EXLCZ)994100000009451847 100 $a20190924d2019 u| 0 101 0 $aeng 135 $aurnn|008mamaa 181 $ctxt$2rdacontent 182 $cc$2rdamedia 183 $acr$2rdacarrier 200 10$a9th International Workshop on Spoken Dialogue System Technology /$fedited by Luis Fernando D'Haro, Rafael E. Banchs, Haizhou Li 205 $a1st ed. 2019. 210 1$aSingapore :$cSpringer Nature Singapore :$cImprint: Springer,$d2019. 215 $a1 online resource (XVI, 421 p. 87 illus., 59 illus. in color.) 225 1 $aLecture Notes in Electrical Engineering,$x1876-1119 ;$v579 300 $aIncludes index. 311 08$a981-13-9442-3 320 $aIncludes bibliographical references and index. 327 $aIntroduction -- Language and Social Context Understanding -- Dialogue Management and Pragmatic Models -- Dialogue Evaluation and Analysis -- End-to-end Systems -- Empathic Dialogue Systems -- Humor in Dialogue Agents -- Chat-oriented Dialogue Systems -- Question Answering and other Dialogue Applications. 330 $aThis book presents the outcomes of the 9th International Workshop on Spoken Dialogue Systems (IWSDS), ?Towards creating more human-like conversational agent technologies?. It compiles and provides a synopsis of current global research to push forward the state of the art in dialogue technologies, including advances in the context of the classical problems of language understanding, dialogue management and language generation, as well as cognitive topics related to the human nature of conversational phenomena, such as humor, empathy and social context understanding and awareness. 410 0$aLecture Notes in Electrical Engineering,$x1876-1119 ;$v579 606 $aCommunication 606 $aSignal processing 606 $aUser interfaces (Computer systems) 606 $aHuman-computer interaction 606 $aMedia and Communication 606 $aSignal, Speech and Image Processing 606 $aUser Interfaces and Human Computer Interaction 615 0$aCommunication. 615 0$aSignal processing. 615 0$aUser interfaces (Computer systems) 615 0$aHuman-computer interaction. 615 14$aMedia and Communication. 615 24$aSignal, Speech and Image Processing. 615 24$aUser Interfaces and Human Computer Interaction. 676 $a302.23 702 $aD'Haro$b Luis Fernando$4edt$4http://id.loc.gov/vocabulary/relators/edt 702 $aBanchs$b Rafael E$4edt$4http://id.loc.gov/vocabulary/relators/edt 702 $aLi$b Haizhou$4edt$4http://id.loc.gov/vocabulary/relators/edt 801 0$bMiAaPQ 801 1$bMiAaPQ 801 2$bMiAaPQ 906 $aBOOK 912 $a9910483656303321 996 $a9th International Workshop on Spoken Dialogue System Technology$92846836 997 $aUNINA